<The> End of the Nation State <The> Rise of Regional Economies
Saved in:
| Main Author: | |
|---|---|
| Format: | Book |
| Language: | English |
| Published: |
New York
The Free Press
1995
|
| Edition: | 1. ed. |
| Subjects: | |
| Tags: |
No Tags, Be the first to tag this record!
|
MARC
| LEADER | 00000nam a2200000 4500 | ||
|---|---|---|---|
| 001 | c020063 | ||
| 005 | 20221205132926.7 | ||
| 020 | |a 0-02-923341-0 | ||
| 041 | 0 | |a eng | |
| 044 | |a US | ||
| 245 | 1 | 0 | |a <The> End of the Nation State |b <The> Rise of Regional Economies |c Kenichi Ohmae |
| 250 | |a 1. ed. | ||
| 264 | 1 | |a New York |b The Free Press |c 1995 | |
| 300 | |a 214 s. | ||
| 610 | 2 | 0 | |a integrácia ekonomická medzinárodná |
| 610 | 2 | 0 | |a regionalizácia |
| 610 | 2 | 0 | |a obchod |
| 610 | 2 | 0 | |a obchod svetový |
| 610 | 2 | 0 | |a bloky menové |
| 100 | 1 | |a Ohmae, Kenichi | |